El Primero de mayo en Costa Rica: discursos y poemas /
Presenta los principales discursos dedos el 1 de mayo de 1913 en Costa Rica por Omar Dengo, Joaquín García Monge y José María Zeledón - Los discursos y poemas, relacionados con la celebración del Día Internacional del Trabajo, fueron recopilados por el Instituto de Estudios del Trabajo (IESTRA) de l...
Na minha lista:
| Autor principal: | |
|---|---|
| Outros Autores: | |
| Formato: | Texto |
| Publicado em: |
San José:
Universidad Nacional
|
| Tags: |
Adicionar Tag
Sem tags, seja o primeiro a adicionar uma tag!
|
MARC
| LEADER | 00000 a a2200000 04500 | ||
|---|---|---|---|
| 001 | 20488 | ||
| 003 | |||
| 040 | |a CRAI/IIS |c CRAI/IIS | ||
| 090 | |a 085900 | ||
| 100 | |a Dengo, Omar | ||
| 245 | |a El Primero de mayo en Costa Rica: discursos y poemas / |c Omar Dengo | ||
| 260 | |a San José: |b Universidad Nacional | ||
| 300 | |a 28 p. | ||
| 520 | |a Presenta los principales discursos dedos el 1 de mayo de 1913 en Costa Rica por Omar Dengo, Joaquín García Monge y José María Zeledón - Los discursos y poemas, relacionados con la celebración del Día Internacional del Trabajo, fueron recopilados por el Instituto de Estudios del Trabajo (IESTRA) de la Universidad Nacional de Heredia, Costa Rica, como un estimulo a lucha de la clase obrera costarricense | ||
| 700 | |a García Monge, Joaquín |a Zeledón, José María | ||
| 999 | |c 7460 |d 7460 | ||
